000
00297nam a2200109Ia 4500
008
200302s9999 xx 000 0 und d
100
_a
Robert C. Mchugh
245
_a
Working Drawing Handbook A Guide for Architects and Builders
260
_b
Van Nostrand Reinhold
260
_c
1977
300
_a
165 P.,
999
_c
103
_d
103